[Event "Steinfurt Bezirksliga 1718"]
[White "Lagemann, Stefan"]
[Black "Schellmann, Maraike"]
[Site "Germany"]
[Round "4.1"]
[Result "1-0"]
[Date "2018.01.13"]
[WhiteElo "1991"]
[BlackElo "1510"]
[PlyCount "53"]
[EventDate "2017.09.23"]
[EventType "team-tourn"]
[EventRounds "7"]
[EventCountry "GER"]
[SourceTitle "EXT 2019"]
[Source "ChessBase"]
[SourceDate "2018.10.10"]
[SourceVersion "1"]
[SourceVersionDate "2018.10.10"]
[SourceQuality "1"]
[WhiteTeam "Westerkappeln"]
[BlackTeam "Emsdetten Rochade IV"]
[WhiteTeamCountry "GER"]
[BlackTeamCountry "GER"]

1. c4 Nf6 2. Nc3 g6 3. e4 d6 4. d4 Bg7 5. f3 0-0 6. Bg5 Nbd7 7. Qd2 h5 8. Bd3 c5 9. d5 a6 10. a4 Rb8 11. f4 Nh7 12. Bh4 Nhf6 13. Nf3 Qb6 14. 0-0 Re8 15. e5 Nh7 16. e6 Ndf8 17. a5 Qc7 18. exf7+ Kxf7 19. Ne4 Kg8 20. Neg5 e6 21. Rae1 Nxg5 22. Nxg5 e5 23. Qc2 Bg4 24. Bxg6 Nxg6 25. Qxg6 b5 26. fxe5 Rxe5 27. Qh7# 1-0

[Event "Steinfurt Bezirksliga 1516"]
[White "Horstmann, Michael"]
[Black "Lagemann, Stefan"]
[Site "Germany"]
[Round "8.1"]
[Result "1/2-1/2"]
[Date "2016.04.30"]
[WhiteElo "1680"]
[BlackElo "1969"]
[PlyCount "121"]
[EventDate "2015.09.19"]
[EventType "team-tourn"]
[EventRounds "9"]
[EventCountry "GER"]
[SourceTitle "EXT 2017"]
[Source "ChessBase"]
[SourceDate "2016.10.25"]
[SourceVersion "1"]
[SourceVersionDate "2016.10.25"]
[SourceQuality "1"]
[WhiteTeam "Emsdetten Rochade IV"]
[BlackTeam "Westerkappeln"]
[WhiteTeamCountry "GER"]
[BlackTeamCountry "GER"]

1. c4 Nf6 2. Nc3 e6 3. e4 c5 4. e5 Ng8 5. f4 d6 6. Nf3 Nc6 7. d4 cxd4 8. Nxd4 dxe5 9. Nxc6 Qxd1+ 10. Kxd1 bxc6 11. fxe5 Bb7 12. Bd3 c5 13. Rg1 f5 14. Kc2 Kf7 15. Be3 Rc8 16. Raf1 Ne7 17. g4 g6 18. gxf5 exf5 19. Be4 Ba6 20. b3 Ke8 21. Bd5 Nxd5 22. Nxd5 Bb7 23. Bd2 Rd8 24. Nf6+ Kf7 25. Ba5 Rd4 26. Rd1 Be7 27. Bc3 Rxd1 28. Rxd1 Rd8 29. Rxd8 Bxd8 30. Nxh7 g5 31. Nf6 Ke6 32. Kd2 f4 33. Ng4 Be4 34. a3 Bf3 35. Nf2 Kf5 36. Nd3 Be7 37. b4 cxb4 38. axb4 g4 39. Bd4 a6 40. c5 Bc6 41. Nf2 Bh4 42. Ke2 Bg5 43. Ke1 Bh6 44. Kd2 g3 45. hxg3 fxg3+ 46. Ke2 gxf2 47. Kxf2 Bd2 48. Ke2 Bxb4 49. Kd3 Bb5+ 50. Kc2 Ke4 51. Bf2 Kxe5 52. Kb3 a5 53. Be3 Ke4 54. Bf2 Kd3 55. Bg1 Bc4+ 56. Ka4 Ke4 57. c6 Kd5 58. c7 Ba6 59. Bb6 Kc6 60. Bxa5 Bxa5 61. Kxa5 1/2-1/2

[Event "Steinfurt Bezirksklasse 1314"]
[White "Lagemann, Stefan"]
[Black "Dau, Dietmar"]
[Site "Germany"]
[Round "9.2"]
[Result "1-0"]
[Date "2014.05.24"]
[WhiteElo "1963"]
[BlackElo "1370"]
[PlyCount "41"]
[EventDate "2013.10.05"]
[EventType "team-tourn"]
[EventRounds "9"]
[EventCountry "GER"]
[SourceTitle "EXT 2015"]
[Source "ChessBase"]
[SourceDate "2014.11.20"]
[SourceVersion "1"]
[SourceVersionDate "2014.11.20"]
[SourceQuality "1"]
[WhiteTeam "Westerkappeln"]
[BlackTeam "Ibbenbueren III"]
[WhiteTeamCountry "GER"]
[BlackTeamCountry "GER"]

1. d4 d5 2. c4 e6 3. Nc3 Nf6 4. cxd5 exd5 5. Bg5 Be7 6. e3 0-0 7. Bd3 Nbd7 8. Qc2 h6 9. Bf4 c6 10. h3 a5 11. Nf3 b5 12. 0-0 Bb7 13. Rac1 a4 14. Ne2 a3 15. b3 b4 16. Ng3 Ba6 17. Bxa6 Rxa6 18. Qd3 Rb6 19. Rc2 Ne8 20. Nf5 Ndf6 21. Ne5 1-0

[Event "Steinfurt Bezirksliga 1112"]
[White "Lagemann, Stefan"]
[Black "Miethe, Christoph"]
[Site "Germany"]
[Round "2.5"]
[Result "1-0"]
[Date "2011.11.05"]
[WhiteElo "1948"]
[BlackElo "1611"]
[PlyCount "79"]
[EventDate "2011.10.01"]
[EventType "team-tourn"]
[EventRounds "9"]
[EventCountry "GER"]
[SourceTitle "EXT 2013"]
[Source "ChessBase"]
[SourceDate "2012.11.22"]
[SourceVersion "1"]
[SourceVersionDate "2012.11.22"]
[SourceQuality "1"]
[WhiteTeam "Westerkappeln"]
[BlackTeam "Neuenkirchen II"]
[WhiteTeamCountry "GER"]
[BlackTeamCountry "GER"]

1. c4 e6 2. Nc3 Nf6 3. e4 e5 4. f4 d6 5. Nf3 Nc6 6. Be2 Be7 7. 0-0 h6 8. d4 exd4 9. Nxd4 Nxd4 10. Qxd4 c6 11. Be3 0-0 12. h3 Qc7 13. Rad1 b6 14. Qd2 Bb7 15. Bf3 Rad8 16. g4 Nh7 17. Bd4 c5 18. Be3 a6 19. Nd5 Bxd5 20. Qxd5 Nf6 21. Qd3 Kh8 22. h4 Nh7 23. g5 hxg5 24. hxg5 g6 25. Bd2 d5 26. cxd5 Nxg5 27. Bc3+ Kg8 28. fxg5 Qg3+ 29. Bg2 Qxg5 30. Qh3 Qh5 31. Qxh5 gxh5 32. Rf5 f6 33. Rxh5 Kf7 34. Rh7+ Ke8 35. Bh3 Rg8+ 36. Kf2 Rd6 37. Be6 Rf8 38. Rg1 Kd8 39. Rgg7 Re8 40. Rxe7 1-0

[Event "Steinfurt Bezirksliga 0910"]
[White "Lagemann, Stefan"]
[Black "Ulbricht Weiss, Wolfgang"]
[Site "Germany"]
[Round "6.1"]
[Result "1-0"]
[Date "2010.02.13"]
[WhiteElo "1998"]
[BlackElo "1243"]
[PlyCount "57"]
[EventDate "2009.09.12"]
[EventType "team-tourn"]
[EventRounds "9"]
[EventCountry "GER"]
[SourceTitle "EXT 2011"]
[Source "ChessBase"]
[SourceDate "2010.11.26"]
[SourceVersion "1"]
[SourceVersionDate "2010.11.26"]
[SourceQuality "1"]
[WhiteTeam "Westerkappeln"]
[BlackTeam "Rheine"]
[WhiteTeamCountry "GER"]
[BlackTeamCountry "GER"]

1. d4 Nf6 2. c4 e5 3. dxe5 Ng4 4. e3 Nxe5 5. Nh3 Nbc6 6. Nf4 Bc5 7. Nc3 0-0 8. Be2 d6 9. 0-0 Re8 10. b3 Ne7 11. Bb2 N5g6 12. Nh5 b6 13. a3 a5 14. b4 axb4 15. axb4 Rxa1 16. Qxa1 Bxb4 17. Na2 Ne5 18. Nxb4 Bb7 19. Bxe5 dxe5 20. Qxe5 f6 21. Qe6+ Kh8 22. Rd1 Qc8 23. Qf7 Nf5 24. Bg4 Rg8 25. Nxf6 Rf8 26. Bxf5 Rxf7 27. Bxc8 gxf6 28. Bxb7 c5 29. Bd5 1-0

[Event "Muensterland Verbandsklasse-B 0809"]
[White "Lagemann, Stefan"]
[Black "Meyer, Ulrich"]
[Site "Germany"]
[Round "5.1"]
[Result "0-1"]
[Date "2009.01.10"]
[WhiteElo "2053"]
[BlackElo "1933"]
[PlyCount "112"]
[EventDate "2008.09.13"]
[EventType "tourn"]
[EventRounds "9"]
[EventCountry "GER"]
[SourceTitle "EXT 2010"]
[Source "ChessBase"]
[SourceDate "2010.11.25"]
[SourceVersion "1"]
[SourceVersionDate "2010.11.25"]
[SourceQuality "1"]
[WhiteTeam "Westerkappeln"]
[BlackTeam "Muenster Indische Dame"]
[WhiteTeamCountry "GER"]
[BlackTeamCountry "GER"]

1. d4 d5 2. c4 dxc4 3. Nf3 Nf6 4. Qa4+ c6 5. Qxc4 Bf5 6. Nc3 e6 7. Bg5 Be7 8. e3 Nbd7 9. Be2 Qb6 10. Qb3 Qxb3 11. axb3 h6 12. Bh4 0-0 13. Nd2 Rfe8 14. Bg3 Bb4 15. 0-0 e5 16. dxe5 Nxe5 17. Nc4 Nxc4 18. Bxc4 Red8 19. Rfd1 a6 20. Bc7 Rxd1+ 21. Rxd1 b5 22. Bd3 Be6 23. Bc2 Rc8 24. Bd6 Bxd6 25. Rxd6 Kf8 26. b4 Nd5 27. e4 Nxb4 28. Bb1 Ke7 29. e5 Rd8 30. Rxd8 Kxd8 31. f4 Bc4 32. Kf2 Nd5 33. Nxd5 Bxd5 34. g3 a5 35. Ke3 c5 36. h4 Ke7 37. g4 b4 38. Bc2 Bc6 39. Kd3 Bd5 40. Ke3 Be6 41. g5 Bd5 42. h5 Ke6 43. f5+ Ke7 44. f6+ Kf8 45. gxh6 gxh6 46. Ba4 Be6 47. Kf4 Kg8 48. Kf3 c4 49. Ke3 Bg4 50. Bb5 c3 51. bxc3 bxc3 52. Kd3 Bxh5 53. Kxc3 Bf3 54. Bd7 Bd5 55. Ba4 h5 56. Kd4 Be6 0-1

[Event "Muensterland Verbandsklasse-B 0809"]
[White "Lagemann, Stefan"]
[Black "Monsma, Menno"]
[Site "Germany"]
[Round "3.1"]
[Result "1/2-1/2"]
[Date "2008.10.25"]
[WhiteElo "2053"]
[BlackElo "2028"]
[PlyCount "81"]
[EventDate "2008.09.13"]
[EventType "tourn"]
[EventRounds "9"]
[EventCountry "GER"]
[SourceTitle "EXT 2010"]
[Source "ChessBase"]
[SourceDate "2010.11.25"]
[SourceVersion "1"]
[SourceVersionDate "2010.11.25"]
[SourceQuality "1"]
[WhiteTeam "Westerkappeln"]
[BlackTeam "Gronau"]
[WhiteTeamCountry "GER"]
[BlackTeamCountry "GER"]

1. c4 e5 2. g3 Nc6 3. Bg2 g6 4. Nc3 Bg7 5. e4 Nge7 6. Nge2 0-0 7. 0-0 d6 8. d3 Be6 9. Nd5 Qd7 10. Be3 Nd8 11. d4 c6 12. Nxe7+ Qxe7 13. d5 Bd7 14. Nc3 c5 15. Qd2 a6 16. a4 b6 17. Rab1 a5 18. f4 f6 19. Rbe1 Nf7 20. h4 exf4 21. gxf4 Rae8 22. Qf2 Qd8 23. f5 Ne5 24. Qe2 Kh8 25. b3 Rf7 26. Bh3 g5 27. Bg4 Rg8 28. h5 h6 29. Bf2 Re7 30. Bg3 Nf7 31. Bh2 Ree8 32. Qg2 Bf8 33. Re3 Kg7 34. Na2 Kh7 35. Nc1 Be7 36. Nd3 Qb8 37. Bg3 Bc8 38. Be1 Bd7 39. Bc3 Qd8 40. Qb2 Bc8 41. Rfe1 1/2-1/2

[Event "Muensterland Verbandsklasse-B 0809"]
[White "Schulze Schwering, Philipp"]
[Black "Lagemann, Stefan"]
[Site "Germany"]
[Round "2.1"]
[Result "1-0"]
[Date "2008.10.11"]
[WhiteElo "1936"]
[BlackElo "2053"]
[PlyCount "63"]
[EventDate "2008.09.13"]
[EventType "tourn"]
[EventRounds "9"]
[EventCountry "GER"]
[SourceTitle "EXT 2010"]
[Source "ChessBase"]
[SourceDate "2010.11.25"]
[SourceVersion "1"]
[SourceVersionDate "2010.11.25"]
[SourceQuality "1"]
[WhiteTeam "Borken"]
[BlackTeam "Westerkappeln"]
[WhiteTeamCountry "GER"]
[BlackTeamCountry "GER"]

1. d4 c5 2. d5 d6 3. c4 e5 4. Nc3 g6 5. e4 Bh6 6. Bxh6 Nxh6 7. Qd2 Ng4 8. h3 Nf6 9. Bd3 0-0 10. Nge2 Na6 11. 0-0 Nc7 12. f4 exf4 13. Qxf4 Nh5 14. Qh6 Qe7 15. Rf3 Bd7 16. Raf1 a6 17. g4 Ng7 18. e5 dxe5 19. Ne4 f5 20. d6 fxe4 21. dxe7 Rxf3 22. Bxe4 Rxf1+ 23. Kxf1 Re8 24. Qg5 Be6 25. Qxe5 Rxe7 26. Qxc5 Rf7+ 27. Kg2 b5 28. cxb5 axb5 29. b3 Nge8 30. Nd4 Bd7 31. Bd3 Kg7 32. Bxb5 1-0

[Event "Muensterland Verbandsklasse-B 0708"]
[White "Kurzeja, Marian"]
[Black "Lagemann, Stefan"]
[Site "Germany"]
[Round "1.1"]
[Result "0-1"]
[Date "2007.09.15"]
[WhiteElo "1836"]
[BlackElo "2038"]
[PlyCount "112"]
[EventDate "2007.09.15"]
[EventType "team-tourn"]
[EventRounds "9"]
[EventCountry "GER"]
[SourceTitle "EXT 2009"]
[Source "ChessBase"]
[SourceDate "2008.11.26"]
[SourceVersion "1"]
[SourceVersionDate "2008.11.26"]
[SourceQuality "1"]
[WhiteTeam "Muenster SK V"]
[BlackTeam "Westerkappeln"]
[WhiteTeamCountry "GER"]
[BlackTeamCountry "GER"]

1. e4 c5 2. Nf3 Nc6 3. d4 cxd4 4. Nxd4 Nf6 5. Nc3 e6 6. Bg5 Qa5 7. Bxf6 gxf6 8. Ndb5 a6 9. Nd6+ Bxd6 10. Qxd6 Qb4 11. Qxb4 Nxb4 12. 0-0-0 Ke7 13. Bc4 Rg8 14. g3 b5 15. Bb3 Bb7 16. a3 Nc6 17. f4 h5 18. Rhe1 Na5 19. Ba2 h4 20. Rd3 hxg3 21. hxg3 Rg7 22. Red1 Bc6 23. Re3 Rag8 24. Nd5+ Bxd5 25. exd5 Rxg3 26. Re2 Rg1 27. dxe6 Rxd1+ 28. Kxd1 Rg1+ 29. Kd2 fxe6 30. Bd5 Rf1 31. b4 Nc4+ 32. Bxc4 bxc4 33. Re4 d5 34. Rd4 Ra1 35. f5 Rxa3 36. fxe6 Kxe6 37. Rh4 Ra4 38. c3 Ra2+ 39. Ke3 a5 40. bxa5 Rxa5 41. Rh6 Ra1 42. Kd2 Ke5 43. Rh8 f5 44. Re8+ Kf4 45. Re6 Ra2+ 46. Kd1 Rh2 47. Re8 Rh3 48. Kd2 Rd3+ 49. Kc2 Kf3 50. Rh8 f4 51. Rh3+ Ke4 52. Rh8 f3 53. Re8+ Kf4 54. Rf8+ Ke3 55. Re8+ Kf2 56. Rh8 Ke2 0-1

[Event "Steinfurt Bezirksliga 0405"]
[White "Keller, Hansjuergen"]
[Black "Lagemann, Stefan"]
[Site "Germany"]
[Round "8.1"]
[Result "1/2-1/2"]
[Date "2005.04.30"]
[WhiteElo "1623"]
[BlackElo "2075"]
[PlyCount "39"]
[EventDate "2004.09.25"]
[EventType "team-tourn"]
[EventRounds "11"]
[EventCountry "GER"]
[SourceTitle "EXT 2006"]
[Source "ChessBase"]
[SourceDate "2005.11.24"]
[SourceVersion "1"]
[SourceVersionDate "2005.11.24"]
[SourceQuality "1"]
[WhiteTeam "Nordwalde II"]
[BlackTeam "Westerkappeln"]
[WhiteTeamCountry "GER"]
[BlackTeamCountry "GER"]

1. d4 Nf6 2. Nf3 d6 3. c4 Bg4 4. e3 Nbd7 5. Be2 e5 6. dxe5 dxe5 7. Nc3 e4 8. Nd4 Bxe2 9. Qxe2 Ne5 10. 0-0 c5 11. Nf5 Qd3 12. Qxd3 exd3 13. Rd1 g6 14. Ng3 Nxc4 15. Rxd3 Bg7 16. b3 Ne5 17. Rd2 Ke7 18. Bb2 Rhd8 19. Rad1 Rxd2 20. Rxd2 1/2-1/2

[Event "Steinfurt Bezirksliga 0405"]
[White "Lagemann, Stefan"]
[Black "Horstmann, Michael"]
[Site "Germany"]
[Round "6.1"]
[Result "1/2-1/2"]
[Date "2005.02.05"]
[WhiteElo "2075"]
[BlackElo "1716"]
[PlyCount "43"]
[EventDate "2004.09.25"]
[EventType "team-tourn"]
[EventRounds "11"]
[EventCountry "GER"]
[SourceTitle "EXT 2006"]
[Source "ChessBase"]
[SourceDate "2005.11.24"]
[SourceVersion "1"]
[SourceVersionDate "2005.11.24"]
[SourceQuality "1"]
[WhiteTeam "Westerkappeln"]
[BlackTeam "Emsdetten Rochade II"]
[WhiteTeamCountry "GER"]
[BlackTeamCountry "GER"]

1. c4 e5 2. g3 f5 3. Bg2 Nf6 4. Nc3 c6 5. d4 d6 6. e3 Be7 7. Nge2 Be6 8. b3 Bf7 9. Bb2 Nbd7 10. Qc2 g6 11. e4 fxe4 12. dxe5 Nxe5 13. Nxe4 0-0 14. 0-0 Nxe4 15. Qxe4 Bf6 16. Qc2 Qc7 17. Rad1 Rad8 18. Rd2 Be6 19. Nd4 Bf7 20. Ne2 Be6 21. Nd4 Bf7 22. Ne2 1/2-1/2

[Event "Steinfurt Bezirksliga 0405"]
[White "Pohlmeier, Ulrich"]
[Black "Lagemann, Stefan"]
[Site "Germany"]
[Round "5.1"]
[Result "0-1"]
[Date "2005.01.15"]
[WhiteElo "1616"]
[BlackElo "2075"]
[PlyCount "52"]
[EventDate "2004.09.25"]
[EventType "team-tourn"]
[EventRounds "11"]
[EventCountry "GER"]
[SourceTitle "EXT 2006"]
[Source "ChessBase"]
[SourceDate "2005.11.24"]
[SourceVersion "1"]
[SourceVersionDate "2005.11.24"]
[SourceQuality "1"]
[WhiteTeam "Rheine Klein Berlin II"]
[BlackTeam "Westerkappeln"]
[WhiteTeamCountry "GER"]
[BlackTeamCountry "GER"]

1. e4 c5 2. Nf3 Nc6 3. Nc3 e6 4. Bc4 Nf6 5. a3 Be7 6. 0-0 d5 7. exd5 exd5 8. Ba2 d4 9. Ne2 0-0 10. Ng3 d3 11. Bc4 dxc2 12. Qxc2 Nd5 13. Re1 Be6 14. d3 Qd7 15. Be3 Bg4 16. Qd1 Nxe3 17. fxe3 Bh4 18. Qc2 Bxf3 19. gxf3 Ne5 20. Kg2 b5 21. f4 Qb7+ 22. e4 bxc4 23. fxe5 cxd3 24. Qxd3 Qxb2+ 25. Kf3 Qxe5 26. Rac1 Rfd8 0-1

[Event "Steinfurt Bezirksliga 0405"]
[White "Hokamp, Sascha"]
[Black "Lagemann, Stefan"]
[Site "Germany"]
[Round "3.1"]
[Result "1/2-1/2"]
[Date "2004.11.20"]
[WhiteElo "2112"]
[BlackElo "2075"]
[PlyCount "60"]
[EventDate "2004.09.25"]
[EventType "team-tourn"]
[EventRounds "11"]
[EventCountry "GER"]
[SourceTitle "EXT 2006"]
[Source "ChessBase"]
[SourceDate "2005.11.24"]
[SourceVersion "1"]
[SourceVersionDate "2005.11.24"]
[SourceQuality "1"]
[WhiteTeam "Reckenfeld"]
[BlackTeam "Westerkappeln"]
[WhiteTeamCountry "GER"]
[BlackTeamCountry "GER"]

1. Nf3 c5 2. c4 g6 3. g3 Bg7 4. Bg2 Nc6 5. 0-0 e6 6. Nc3 Nge7 7. d3 0-0 8. Bf4 d5 9. Qc1 b6 10. Bh6 Ba6 11. Bxg7 Kxg7 12. b3 Rc8 13. Qb2 d4 14. Ne4 h6 15. a3 f5 16. Ned2 Rb8 17. e4 f4 18. b4 Bc8 19. Nb3 Qd6 20. b5 Ne5 21. Nxe5 Qxe5 22. Qe2 Ng8 23. Nd2 Rb7 24. g4 Rbf7 25. Nf3 Qb8 26. e5 Bb7 27. Rae1 Ne7 28. a4 g5 29. a5 Ng6 30. Bh1 Kg8 1/2-1/2

[Event "Steinfurt Bezirksliga 0203"]
[White "Lagemann, Stefan"]
[Black "Bruemmer, Andreas"]
[Site "Germany"]
[Round "7.1"]
[Result "1/2-1/2"]
[Date "2003.03.22"]
[WhiteElo "2080"]
[BlackElo "1935"]
[PlyCount "28"]
[EventDate "2002.09.14"]
[EventType "team-tourn"]
[EventRounds "9"]
[EventCountry "GER"]
[SourceTitle "EXT 2004"]
[Source "ChessBase"]
[SourceDate "2003.11.25"]
[SourceVersion "1"]
[SourceVersionDate "2003.11.25"]
[SourceQuality "1"]
[WhiteTeam "Westerkappeln"]
[BlackTeam "Rheine SG"]
[WhiteTeamCountry "GER"]
[BlackTeamCountry "GER"]

1. c4 e5 2. e3 d6 3. Nc3 g6 4. g3 Bg7 5. Bg2 Nc6 6. Nge2 Be6 7. d4 Bxc4 8. d5 Bxe2 9. Qxe2 Nce7 10. Qb5+ Qd7 11. Qxb7 Qc8 12. Qb5+ Qd7 13. Qb7 Qc8 14. Qb5+ Qd7 1/2-1/2

[Event "Steinfurt Bezirksliga 0203"]
[White "Lagemann, Stefan"]
[Black "Lachmuth, Mathias"]
[Site "Germany"]
[Round "5.1"]
[Result "1-0"]
[Date "2003.01.25"]
[WhiteElo "2080"]
[BlackElo "1719"]
[PlyCount "29"]
[EventDate "2002.09.14"]
[EventType "team-tourn"]
[EventRounds "9"]
[EventCountry "GER"]
[SourceTitle "EXT 2004"]
[Source "ChessBase"]
[SourceDate "2003.11.25"]
[SourceVersion "1"]
[SourceVersionDate "2003.11.25"]
[SourceQuality "1"]
[WhiteTeam "Westerkappeln"]
[BlackTeam "Emsdetten Rochade II"]
[WhiteTeamCountry "GER"]
[BlackTeamCountry "GER"]

1. c4 c5 2. Nc3 Nc6 3. g3 g6 4. Bg2 Bg7 5. b3 b6 6. Bb2 Bb7 7. Qb1 Nf6 8. Nh3 a6 9. Nf4 e6 10. h4 Qc7 11. Ne4 e5 12. h5 0-0-0 13. h6 Bxh6 14. Nxf6 Bg5 15. N4d5 1-0